000 00904nas a2200277 4500
001 BR8804078
003 BR-BrBNA
005 20231205091220.0
007 ta
008 230509b bl.|||p| |||| 00| 00por d
040 _aBR-BrBNA
_bpor
_cBiblioteca Nacional de Agricultura
041 _a(En)
072 _aM12; L60; M40
100 1 _aLeitao, S.N.
100 1 _aSouza, F.B.V.A. de
245 1 _aRotiferos (Rotatoria)planctonicos do acude de Apipucos Recife-Pernambuco (Brasil)
246 1 _aPlanktonics rotifers (Rotatoria)from Apipucos reservoir Recife-Pernambuco (Brazil)
650 _aZOOPLANCTON
650 _aTAXONOMIA
650 _aECOLOGIA AQUATICA
650 _aACUDE
650 _aPERNAMBUCO
773 0 _tArquivos de Biologia e Tecnologia (Brazil)
_xISSN 0365-0979
_g(Sep 1987), v. 30(3) p. 393-418
_wBR8804078
909 _a202311
_bLúcia
_c55
_dLúcia Elande
942 _2AGRIS
_n0
_cANA
999 _c123611
_d123611